000 01016nam0a22002411 4500
001 rc\657054
005 20031121165226.2
035 _a(NLR Aleph) 005896550
090 _a6232352
_c6232352
100 _a20031121d1986 u |0rusy50 ca
101 0 _arus
102 _aRU
105 _aa |||||||||
200 1 _aЭЛЕМЕНТЫ программирования на Рапире
_eМетод. рекомендации к изуч. курса "Основы информатики и вычисл. техники"
_fМ-во просвещения РСФСР, Ом. гос. пед. ин-т им. А.М. Горького
_g[Сост. к. т. н. Первин Ю.А.]
210 _aОмск
_cОГПИ
_d1986
215 _a68 с.
_cил.
_d20
702 1 _aПервин
_bЮ. А.
_gЮрий Абрамович
_4220
712 0 2 _aОмский пед. ин-т им. А.М.Горького
_3RU\NLR\AUTH\8813403
801 0 _aRU
_bNLR
_gpsbo
801 1 _aRU
_bELAR
_2rusmarc
852 _aNLR
_j87-4/17487
942 _cBOOK
980 _aNB